Il federalismo della crisi o la crisi del federalismo?

Detalles Bibliográficos
Autor principal: Uricchio, Antonio
Formato: eBook
Lenguaje:italiano
Publicado: Bari : Cacucci Editore, 2012
Materias:
Acceso en línea:http://www.vlex.com/source/11226

MARC

LEADER 00000nam a22000007a 4500
005 20130430190139.0
007 cr|||| ||||
008 130430e2012 it |||||s|||| 00||0 ita d
020 |a 9788866111092 
035 |a 11226 
040 |a vLex 
090 |c 4238  |d 4238 
100 1 0 |a Uricchio, Antonio  
245 1 3 |a Il federalismo della crisi o la crisi del federalismo?  |c / Antonio Uricchio   |h [Recurso electrn̤ico] 
256 |a Servicio en ln̕ea 
260 |a Bari :  |b Cacucci Editore,   |c 2012 
300 |a 1 Recurso electrn̤ico 
506 |d vLex Global  |d vLex Global (Academic Edition, excluding Law Schools)  |d vLex Global (U.S. Academic Edition, Law Schools)  |d vLex Global (U.S. Academic Edition, excluding Law Schools)  |d vLex Global (Academic Edition, Law Schools) 
650 0 4 |a Ciencia polt̕ica 
650 0 4 |a Federalismo 
740 |a vLex Libros (Servicio en ln̕ea) 
856 |a Acceso restringido  |u http://www.vlex.com/source/11226 
942 |c BOOK 
999 0 |a Political science